000 01428nam a22003977a 4500
001 0009148
003 KOHA_MİRAKIL
005 20260207001700.0
007 ta
008 091120b2008 tu |||grd|||#0|||0|tur |
020 _a9789750206047
_c17,55
040 _aTR-BiSEU
_btur
_cTR-BiSEU
_erda
041 0 _atur
044 _ctu
050 _aHB61
_b.E36 2008
245 0 _aEkonomi-işletme sözlüğü :
_bİngilizce-Türkçe, Türkçe-İngilizce/
_chazırlayanlar Nur Keyder, Alaeddin Tileylioğlu, ve Adil Oran.
264 1 _aAnkara :
_bSeçkin Yayıncılık
_c2008
300 _a330 sayfa
336 _ametin
_btxt
_2rdacontent
337 _aaracısız
_bn
_2rdamedia
338 _acilt
_bnc
_2rdacarrier
490 1 _aSözlük Dizisi ;
_v4.
500 _aKapak adı : İngilizce-Türkçe Türkçe-İngilizce ekonomi işletme sözlüğü : finans, muhasebe, para, banka.
500 _aKitap -- Sözlük.
650 0 _aEkonomi--Sözlükler.
_93453
650 0 _aEconomics--Dictionaries.
_918071
650 0 _aBusiness--Dictionaries.
_94594
650 0 _aİşletme--Sözlükler.
_93685
650 0 _aTurkish language--Dictionaries--English.
_93196
650 0 _aTürk dili--Sözlükler--İngilizce.
_91708
650 0 _aEnglish language--Dictionaries--Turkish.
_93195
650 0 _aİngiliz dili--Sözlükler--Türkçe.
_93194
830 1 _aSözlük Dizisi ;
_v4.
_922781
907 _aSözlük
942 _2lcc
_cBK
999 _c9120
_d9120